Statistics for State Quiz - Nevada

Click here to take the quiz!

General Stats

  • This quiz has been taken 11,335 times
  • The average score is 13 of 20

Answer Stats

HintAnswer% Correct
Complete the sentence:
What happens in Vegas …
Stays in Vegas
93%
Major river damHoover Dam
92%
Nickname of Las Vegas{Sin} City
91%
River that is dammed by
the above
Colorado River
84%
Air Force "area" famous for UFO'sArea 51
84%
Capital cityCarson City
81%
Nevada is the only state
where this is legal
Prostitution
77%
Singer of "Viva Las Vegas"Elvis Presley
73%
Large lake near RenoLake Tahoe
68%
Desert in the southwest of the stateMojave Desert
63%
Desert festival attended by "burners"Burning Man
62%
Vegas casino shaped like a pyramidThe Luxor
59%
Singer who "shot a man in Reno,
just to watch him die"
Johnny Cash
58%
Nickname of NevadaThe {Silver} State
50%
Reservoir created by that damLake {Mead}
49%
Boxer who fought Pacquiao in 2015Floyd Mayweather
48%
Most famous TV show set in Las VegasCSI
44%
What is a Bristlecone?Pine Tree
38%
Name of UNLV's sports teamsRebels
36%
68% of Nevada territory is controlled
by this federal agency
BLM
22%

Score Distribution

Percentile by Number Answered

Percent of People with Each Score

Your Score History

You have not taken this quiz